Classic Rock Quiz - Statistics

General Stats
  • This quiz has been taken 919 times
  • The average score is 9 of 15
Answer Stats
Hint Answer % Correct
Livin' on a Prayer Bon Jovi
99%
Don't Stop Believin' Journey
93%
Thunderstruck ACDC
88%
Every Breath You Take The Police
81%
Paranoid Black Sabbath
76%
Sweet Emotion Aerosmith
73%
Hot For Teacher Van Halen
71%
Dust in the Wind Kansas
64%
Come Sail Away Styx
49%
Runnin' Down a Dream Tom Petty
47%
Feels Like the First Time Foreigner
42%
Sister Christian Night Ranger
32%
Heartbreaker Pat Benatar
31%
Space Truckin' Deep Purple
29%
Workin' for the Weekend Loverboy
28%
No matching quizzes found
Score Distribution
Percent of People with Each Score
Percentile by Number Answered
Your Score History
You have not taken this quiz